| 000 | 00751cab a2200229 4500 | ||
|---|---|---|---|
| 001 | WB3326-47 | ||
| 008 | 090401t1997 xxu||||| |||| 00| 0 eng d | ||
| 035 | _a(Sirsi) u79360 | ||
| 041 | _aeng | ||
| 245 | _aPublic access to farmland | ||
| 260 | _c1997 | ||
| 350 | _a0 | ||
| 490 |
_aMAFF News Release _v(174/97) 25 June 1997 (2) |
||
| 520 | _aArable farmers who want to receive payments for allowing public access to their set-aside land under the Ministry of Agriculture Countryside Access Scheme are invited to apply between 1 July and 31 October this year. | ||
| 650 | _aCOUNTRYSIDE ACCESS SCHEME | ||
| 650 | _aFARMLAND | ||
| 650 | _aMAFF | ||
| 650 | _aSET-ASIDE LAND | ||
| 690 | _aRURAL PRACTICE | ||
| 942 | _n0 | ||
| 948 | _c01/07/1997 | ||
| 999 |
_c49881 _d49881 |
||